<?xml version="1.0" encoding="UTF-8"?>
<collection xmlns="http://www.loc.gov/MARC21/slim">
 <record>
  <leader>01046nam a2200241 a 4500</leader>
  <controlfield tag="001">7507986</controlfield>
  <controlfield tag="008">100412s1961    bg            000 0 eng d</controlfield>
  <datafield tag="010" ind1=" " ind2=" ">
   <subfield code="a">\\\63003349 </subfield>
  </datafield>
  <datafield tag="040" ind1=" " ind2=" ">
   <subfield code="a">DLC</subfield>
   <subfield code="c">CarP</subfield>
   <subfield code="d">DLC</subfield>
   <subfield code="d">BD-DhAAL</subfield>
  </datafield>
  <datafield tag="082" ind1="0" ind2="0">
   <subfield code="a"> 346.549204/32</subfield>
   <subfield code="2">16</subfield>
  </datafield>
  <datafield tag="100" ind1="1" ind2=" ">
   <subfield code="a">Kabir, Lutful.</subfield>
  </datafield>
  <datafield tag="245" ind1="1" ind2="0">
   <subfield code="a">Land laws in East Pakistan /</subfield>
   <subfield code="c">by Lutful Kabir.</subfield>
  </datafield>
  <datafield tag="260" ind1=" " ind2=" ">
   <subfield code="a">Dhaka :</subfield>
   <subfield code="b">Mrs. L. N. Chowdhurany,</subfield>
   <subfield code="c">1961]-69.</subfield>
  </datafield>
  <datafield tag="300" ind1=" " ind2=" ">
   <subfield code="a">ix, 188 p. ;</subfield>
   <subfield code="c">22 cm.</subfield>
  </datafield>
  <datafield tag="362" ind1="0" ind2=" ">
   <subfield code="a">Vol. 1</subfield>
  </datafield>
  <datafield tag="541" ind1="1" ind2=" ">
   <subfield code="e">00014702</subfield>
  </datafield>
  <datafield tag="650" ind1=" " ind2="0">
   <subfield code="a">Land tenure</subfield>
   <subfield code="x">Law and legislation</subfield>
   <subfield code="z">Bangladesh.</subfield>
  </datafield>
  <datafield tag="710" ind1="1" ind2=" ">
   <subfield code="a">East Pakistan.</subfield>
   <subfield code="k">Laws, statutes, etc. [from old catalog]</subfield>
  </datafield>
  <datafield tag="852" ind1="4" ind2=" ">
   <subfield code="a">Ayesha Abed Library</subfield>
   <subfield code="j">General Shelf</subfield>
  </datafield>
  <datafield tag="942" ind1="0" ind2="0">
   <subfield code="0">1</subfield>
  </datafield>
  <datafield tag="999" ind1=" " ind2=" ">
   <subfield code="c">8065</subfield>
   <subfield code="d">8065</subfield>
  </datafield>
  <datafield tag="952" ind1=" " ind2=" ">
   <subfield code="0">0</subfield>
   <subfield code="1">0</subfield>
   <subfield code="2">ddc</subfield>
   <subfield code="4">0</subfield>
   <subfield code="6">346_549204320000000_KAB_1961</subfield>
   <subfield code="7">0</subfield>
   <subfield code="9">9173</subfield>
   <subfield code="a">BRACUL</subfield>
   <subfield code="b">BRACUL</subfield>
   <subfield code="c">GEN</subfield>
   <subfield code="d">2010-04-12</subfield>
   <subfield code="l">9</subfield>
   <subfield code="m">48</subfield>
   <subfield code="o">346.54920432 KAB</subfield>
   <subfield code="p">3010014702</subfield>
   <subfield code="q">2026-06-02</subfield>
   <subfield code="r">2025-09-13</subfield>
   <subfield code="s">2025-09-13</subfield>
   <subfield code="t">1</subfield>
   <subfield code="w">2010-04-12</subfield>
   <subfield code="y">BK</subfield>
  </datafield>
  <datafield tag="952" ind1=" " ind2=" ">
   <subfield code="0">0</subfield>
   <subfield code="1">0</subfield>
   <subfield code="2">ddc</subfield>
   <subfield code="4">0</subfield>
   <subfield code="6">346_549204320000000_KAB_1961</subfield>
   <subfield code="7">0</subfield>
   <subfield code="9">9546</subfield>
   <subfield code="a">BRACUL</subfield>
   <subfield code="b">BRACUL</subfield>
   <subfield code="c">GEN</subfield>
   <subfield code="d">2010-04-28</subfield>
   <subfield code="l">7</subfield>
   <subfield code="m">9</subfield>
   <subfield code="o">346.54920432 KAB</subfield>
   <subfield code="p">3010014703</subfield>
   <subfield code="r">2015-10-21</subfield>
   <subfield code="s">2015-10-07</subfield>
   <subfield code="t">2</subfield>
   <subfield code="w">2010-04-28</subfield>
   <subfield code="y">BK</subfield>
  </datafield>
 </record>
</collection>
